Применение метода аналитических сетей для прогнозирования здоровья основных систем человеческого организма; Информационные технологии; № 7

Bibliografiset tiedot
Parent link:Информационные технологии: теоретический и прикладной научно-технический журнал.— , 2000-
№ 7.— 2003.— С. 45-53
Päätekijä: Андрейчикова О. Н.
Muut tekijät: Радышевская Т. Н.
Kieli:venäjä
Julkaistu: 2003
Sarja:Информационные технологии в медицине
Aiheet:
Aineistotyyppi: MixedMaterials Kirjan osa
KOHA link:https://koha.lib.tpu.ru/cgi-bin/koha/opac-detail.pl?biblionumber=388310

MARC

LEADER 00000naa2a2200000 4500
001 388310
005 20231101063728.0
035 |a (RuTPU)RU\TPU\prd\19368 
090 |a 388310 
100 |a 20031110a2003 k y0rusy50 ca 
101 0 |a rus 
102 |a RU 
200 1 |a Применение метода аналитических сетей для прогнозирования здоровья основных систем человеческого организма  |f О. Н. Андрейчикова, Т. Н. Радышевская 
225 1 |a Информационные технологии в медицине 
320 |a Библиогр.: 12 назв. 
461 1 |0 (RuTPU)RU\TPU\prd\1520  |t Информационные технологии  |o теоретический и прикладной научно-технический журнал  |d 2000- 
463 1 |0 (RuTPU)RU\TPU\prd\16972  |t № 7  |v С. 45-53  |d 2003 
610 1 |a медицина 
610 1 |a аналитические сети 
610 1 |a человек 
610 1 |a эдоровье 
610 1 |a прогнозирование 
610 1 |a моделирование 
675 |a 004.3  |v 3 
700 1 |a Андрейчикова  |b О. Н. 
701 1 |a Радышевская  |b Т. Н. 
801 1 |a RU  |b 63413507  |c 20031110  |g PSBO 
801 2 |a RU  |b 63413507  |c 20130507  |g RCR 
942 |c BK